01352nam a2200277 i 4500001001000000003000900010005001700019007000300036008004100039040003000080041000800110082001900118245008800137250002300225264010700248300002800355336002700383337003500410338003000445505034800475590002700823710006100850942001400911952013200925999001701057000039344DO-SdBNP20260428143823.0ta130624s1999 dr 000 0 spa d aDO-SdBNPbspacBNPHUerda aspa 4axxxbR436p22200aResultados del proceso de concertación sobre prioridades del desarrollo nacional. aPrimera edición  4aSanto Domingo, República Dominicana : bPontificia Universidad Católica Madre y Maestra,c©1999. a105 páginas ;c23 cm. atextobtxt2rdacontent asin mediación bn2rdamedia  avolumen bnc2rdacarrier 0 tPresentación --tPolíticas sociales dirigidas a combatir la pobreza --tPolíticas económicas para el desarrollo : desarrollo agropecuario y tratado de libre comercio --tReforma del Estado --tPolítica y gestión del ambiente --tDesarrollo fronterizo y relaciones con Haití --tConclusiones generales --tA manera de epílogo -- aInventariado, 2026 /LP2 aPontificia Universidad Católica Madre y Maestra 9843 2ddccLBS1 00102ddc51708PDaBNPHUbBNPHUcCTd2013-06-24l0o BNPHU PD xxx R436pp39344-10r2020-06-25w2020-06-25yLBS1ZNo se presta c38834d38834